000 00986nas a2200289 i 4500
001 2812
003 ES-MaACL
005 20250809062536.0
007 t|
008 001212c1986 sp t| | 0 ||pa d
022 _a1133-0627
080 _a34
245 0 0 _aJueces papa la democracia
_b: información y debate.
260 _aMadrid :
_bJueces para la Democracia,
_c1986-
300 _a12 v. ;
_c28 cm.
310 _aCuatrimestral
362 0 _aN. 0 (marzo 1986)-
650 1 7 _aDerecho
_2embne
_911602
655 7 _2tgfbne
_9226866
_aRevistas
710 2 _aJueces para la Democracia.
_95373
852 _aES-MaACL
_jHem-1946
_9 2912
_cHEM
_zExpurgado marzo 2025: posterior 1958; sin encuadernar; en acceso abierto
857 _uhttps://dialnet.unirioja.es/servlet/revista?codigo=829
_zSumarios de la revista en Dialnet
866 0 _o(1987 f.n1)1988(1989 f.n6)1990-2012.
942 _2udc
_cPERIODICA
999 _c2812
_d2812